00781 a2200169 45000010006000000050017000060080041000230030015000640400040000790800033001192450075001522640045002273000019002725050284002910410008005751000028005835406320260407155811.0260407a1976 arg spa dAR-UNSa-BCEJYS aAR-UNSa-BCEJYSbspacAR-UNSa-BCEJYS a366.01xTeoría del consumo10aDemanda de los consumidorespAnálisis, teoría y enfoque valorativo 1aBuenos Aires :bEdiciones Rancaguac1976 a356 p.c21 cm. a1. Elementos del análisis de la demanda - 2. Toría necoclásica: Deducción de las funciones de demanda - 3. teoría neoclásica:Propiedades cualitativas de las funciones de demanda - 4. Indices económicamente significativos.Preferencia revelada - 5. Enfoque valorativo aspa1 aFernandez Pol, Jorge E.